[Event "Titled Tuesday intern op 05th Sep Early"]
[Site "Chess.com INT"]
[Date "2023.09.05"]
[Round "10"]
[White "Burmakin, Evgeniy"]
[Black "Kersten, Uwe"]
[Result "0-1"]
[WhiteElo "2179"]
[BlackElo "2229"]
[PlyCount "102"]
[EventDate "2023.09.05"]
[EventType "swiss (blitz)"]
[EventRounds "11"]
[EventCountry "USA"]
[SourceTitle "EXT 2024"]
[Source "ChessBase"]
[SourceDate "2023.10.10"]
[SourceVersion "1"]
[SourceVersionDate "2023.10.10"]
[SourceQuality "1"]

1. e4 e6 2. d4 d5 3. Nd2 Nf6 4. e5 Nfd7 5. f4 c5 6. c3 Nc6 7. Ndf3 cxd4 8. cxd4 Nb6 9. Bd3 Nb4 10. Bb1 a5 11. Ne2 Bd7 12. 0-0 g6 13. a3 Nc6 14. Bd3 a4 15. Be3 Na5 16. Nd2 h5 17. Nc3 Bc6 18. Rc1 Qd7 19. Bf2 Be7 20. Qe2 h4 21. h3 0-0-0 22. Nb5 Kb8 23. Nd6 Bxd6 24. exd6 Qxd6 25. Rc5 Nac4 26. Nxc4 dxc4 27. Bxc4 Nxc4 28. Qxc4 Rc8 29. Be3 f5 30. Rc1 Qd7 31. Qb4 Bd5 32. Bf2 Rc6 33. R1c3 Rhc8 34. Bxh4 Rxc5 35. dxc5 Bc6 36. Qc4 Rd8 37. Qe2 Qd5 38. Be1 Ka7 39. Re3 g5 40. Re5 Qb3 41. Rxe6 gxf4 42. Re7 f3 43. gxf3 Rg8+ 44. Kf2 Qd5 45. Bd2 f4 46. Bxf4 Rh8 47. Kg3 Rg8+ 48. Kh2 Rf8 49. Bg3 Rxf3 50. Re3 Rf5 51. Rd3 Qh1# 0-1

[Event "Staufer op 33rd"]
[Site "Schwaebisch Gmuend"]
[Date "2023.01.06"]
[Round "9"]
[White "Nemitz, Alfred"]
[Black "Kersten, Uwe"]
[Result "0-1"]
[WhiteElo "2035"]
[BlackElo "2242"]
[PlyCount "150"]
[EventDate "2023.01.02"]
[EventType "swiss"]
[EventRounds "9"]
[EventCountry "GER"]
[SourceTitle "CBM 212 Extra"]
[Source "ChessBase"]
[SourceDate "2023.03.31"]
[SourceVersion "1"]
[SourceVersionDate "2023.03.31"]
[SourceQuality "1"]

1. d4 Nf6 2. Nf3 c5 3. c3 e6 4. Bg5 b6 5. Nbd2 Bb7 6. e3 Be7 7. Bd3 cxd4 8. exd4 Ba6 9. Qe2 Bxd3 10. Qxd3 d6 11. 0-0 Nbd7 12. a4 a6 13. b4 0-0 14. c4 a5 15. bxa5 Rxa5 16. Nb3 Ra7 17. Bd2 d5 18. Ne5 Nxe5 19. dxe5 dxc4 20. Qxc4 Nd7 21. Qb5 Qb8 22. Nd4 Nxe5 23. Bf4 Nf3+ 24. Nxf3 Qxf4 25. Rfc1 Ra5 26. Qb3 Bc5 27. Rc4 Qf6 28. Rd1 Rd8 29. Rxd8+ Qxd8 30. g3 Qd5 31. Ne1 g6 32. Qd3 Qe5 33. Qe4 Qxe4 34. Rxe4 b5 35. axb5 Rxb5 36. Nd3 Bb6 37. Kf1 Rb3 38. Ke2 Ra3 39. Rb4 Ra2+ 40. Kf3 Ba7 41. Rb7 Bd4 42. Rd7 Ba7 43. g4 g5 44. Kg3 Kg7 45. h3 Kf6 46. Kf3 Bb6 47. Rd6 Ba7 48. Rd7 Ra3 49. Kg2 Bb6 50. Rd6 Rb3 51. Rd7 Rc3 52. Rd6 Bc7 53. Rd7 Rc4 54. Ne1 Bb6 55. Rd6 Ba5 56. Nd3 Bc3 57. Kf3 Rd4 58. Rxd4 Bxd4 59. Ke4 Bb6 60. f3 Bc7 61. Nc5 Bd6 62. Nd3 Kg6 63. Nb2 f5+ 64. Kd4 Kf6 65. Nd3 Bg3 66. Ke3 Ke7 67. Kd4 Kd6 68. Nc1 Bf2+ 69. Kc4 Bg1 70. Ne2 Bb6 71. gxf5 exf5 72. f4 g4 73. Ng3 Ke6 74. Kd3 Bf2 75. Nf1 g3 0-1

[Event "Staufer op 33rd"]
[Site "Schwaebisch Gmuend"]
[Date "2023.01.05"]
[Round "8"]
[White "Kersten, Uwe"]
[Black "Kraemer, Max"]
[Result "1-0"]
[WhiteElo "2242"]
[BlackElo "2042"]
[PlyCount "55"]
[EventDate "2023.01.02"]
[EventType "swiss"]
[EventRounds "9"]
[EventCountry "GER"]
[SourceTitle "CBM 212 Extra"]
[Source "ChessBase"]
[SourceDate "2023.03.31"]
[SourceVersion "1"]
[SourceVersionDate "2023.03.31"]
[SourceQuality "1"]

1. e4 e5 2. Nf3 Nc6 3. Nc3 Nf6 4. Bb5 Bb4 5. 0-0 0-0 6. Bxc6 dxc6 7. d3 Re8 8. Ne2 Bf8 9. Ng3 g6 10. h3 c5 11. Be3 b6 12. Qd2 Bg7 13. Nh2 Bb7 14. b3 a5 15. a4 Qd7 16. Bh6 Re6 17. Bxg7 Kxg7 18. Rae1 Rae8 19. Qc1 c6 20. Kh1 b5 21. f4 exf4 22. Rxf4 h5 23. Ref1 R8e7 24. Rxf6 Rxf6 25. Nxh5+ gxh5 26. Rxf6 Kxf6 27. Qh6+ Ke5 28. Nf3# 1-0

[Event "Staufer op 33rd"]
[Site "Schwaebisch Gmuend"]
[Date "2023.01.04"]
[Round "6"]
[White "Kersten, Uwe"]
[Black "Brem, Stephan"]
[Result "1-0"]
[WhiteElo "2242"]
[BlackElo "2017"]
[PlyCount "105"]
[EventDate "2023.01.02"]
[EventType "swiss"]
[EventRounds "9"]
[EventCountry "GER"]
[SourceTitle "CBM 212 Extra"]
[Source "ChessBase"]
[SourceDate "2023.03.31"]
[SourceVersion "1"]
[SourceVersionDate "2023.03.31"]
[SourceQuality "1"]

1. e4 Nc6 2. Nf3 g6 3. d4 d6 4. d5 Nb8 5. c4 Bg7 6. Be2 Nf6 7. Nc3 0-0 8. 0-0 a5 9. Bg5 Na6 10. Nd2 Nc5 11. Rc1 e5 12. b3 h6 13. Bh4 g5 14. Bg3 Nh7 15. Bg4 Nxe4 16. Ndxe4 f5 17. Be2 fxe4 18. Nxe4 b6 19. Bg4 Nf6 20. Nxf6+ Qxf6 21. Bxc8 Raxc8 22. Re1 Qg6 23. f3 Rf6 24. Re4 Rcf8 25. Qe1 h5 26. h3 Bh6 27. Rd1 Kh7 28. Kh2 Rg8 29. Qe2 Qf5 30. a3 Rfg6 31. Rf1 Qd7 32. b4 axb4 33. axb4 R8g7 34. c5 bxc5 35. bxc5 Qf7 36. Qd3 Kh8 37. c6 Qg8 38. Rb1 Qf7 39. Rb8+ Rg8 40. Reb4 Rxb8 41. Rxb8+ Rg8 42. Rxg8+ Kxg8 43. Qe4 Bf8 44. Kg1 Be7 45. Kf1 Kg7 46. Be1 Qg6 47. Qxg6+ Kxg6 48. g4 hxg4 49. hxg4 Kf6 50. Ke2 Kf7 51. Ba5 Bd8 52. Kd3 Ke7 53. Ke4 1-0

[Event "Heusenstamm Schloss op"]
[Site "Heusenstamm"]
[Date "2022.11.20"]
[Round "6"]
[White "Ochs, Daniel Elias"]
[Black "Kersten, Uwe"]
[Result "1/2-1/2"]
[WhiteElo "2107"]
[BlackElo "2256"]
[PlyCount "39"]
[EventDate "2022.11.17"]
[EventType "swiss"]
[EventRounds "7"]
[EventCountry "GER"]
[SourceTitle "CBM 211 Extra"]
[Source "ChessBase"]
[SourceDate "2023.01.31"]
[SourceVersion "1"]
[SourceVersionDate "2023.01.31"]
[SourceQuality "1"]

1. d4 Nf6 2. Nf3 e6 3. c4 c5 4. e3 a6 5. b3 cxd4 6. exd4 d5 7. Be2 dxc4 8. bxc4 Bb4+ 9. Bd2 Bxd2+ 10. Nbxd2 Nc6 11. Nb3 0-0 12. 0-0 b6 13. Qd2 Qc7 14. Rac1 Rd8 15. Rfd1 Bb7 16. h3 Nxd4 17. Nfxd4 e5 18. c5 Bd5 19. cxb6 Qxb6 20. Qa5 1/2-1/2

[Event "Heusenstamm Schloss op"]
[Site "Heusenstamm"]
[Date "2022.11.19"]
[Round "5"]
[White "Kersten, Uwe"]
[Black "Siegert, Gregor"]
[Result "1-0"]
[WhiteElo "2256"]
[BlackElo "1891"]
[PlyCount "123"]
[EventDate "2022.11.17"]
[EventType "swiss"]
[EventRounds "7"]
[EventCountry "GER"]
[SourceTitle "CBM 211 Extra"]
[Source "ChessBase"]
[SourceDate "2023.01.31"]
[SourceVersion "1"]
[SourceVersionDate "2023.01.31"]
[SourceQuality "1"]

1. e4 e5 2. Nf3 Nf6 3. Nxe5 d6 4. Nf3 Nxe4 5. d3 Nf6 6. d4 d5 7. Bd3 Bd6 8. 0-0 0-0 9. h3 h6 10. Nc3 c6 11. Ne5 Nbd7 12. Bf4 Qc7 13. Re1 Re8 14. Qf3 Nxe5 15. dxe5 Bxe5 16. Rxe5 Rxe5 17. Qg3 Nd7 18. Bxh6 Re1+ 19. Rxe1 Qxg3 20. Re8+ Nf8 21. fxg3 gxh6 22. Bf5 Bxf5 23. Rxa8 Bxc2 24. Ne2 c5 25. Rxa7 b5 26. Nc3 d4 27. Nxb5 d3 28. Nc3 d2 29. Ra8 d1Q+ 30. Nxd1 Bxd1 31. Rc8 Kg7 32. Rxc5 Kf6 33. Kf2 Ba4 34. b3 Bd7 35. a4 Ne6 36. Rh5 Kg6 37. Rd5 Bc6 38. Rd6 Be4 39. b4 Kf6 40. b5 Ke7 41. Rd2 Nc5 42. a5 Bd3 43. Ke3 Bf1 44. a6 Nxa6 45. bxa6 Bxa6 46. Rb2 Bc4 47. Rb4 Bd5 48. Rh4 Bxg2 49. Rxh6 Kf8 50. h4 Bh3 51. Rb6 Kg7 52. Kf4 Bf1 53. Kg5 Bd3 54. h5 Bc4 55. Rf6 Bd3 56. h6+ Kg8 57. g4 Bc4 58. Rc6 Ba2 59. Kf6 Bb3 60. g5 Ba2 61. Rc8+ Kh7 62. Rf8 1-0

[Event "GER-ch Rapid 48th"]
[Site "Goettingen"]
[Date "2022.09.25"]
[Round "6"]
[White "Kersten, Uwe"]
[Black "Becker, Thomas2222"]
[Result "1/2-1/2"]
[WhiteElo "2261"]
[BlackElo "2124"]
[PlyCount "75"]
[EventDate "2022.09.24"]
[EventType "swiss (rapid)"]
[EventRounds "9"]
[EventCountry "GER"]
[SourceTitle "CBM 210 Extra"]
[Source "ChessBase"]
[SourceDate "2022.11.30"]
[SourceVersion "1"]
[SourceVersionDate "2022.11.30"]
[SourceQuality "1"]

1. e4 e5 2. Nf3 d6 3. d4 exd4 4. Nxd4 Nf6 5. Nc3 Be7 6. Bf4 0-0 7. Qd2 Nc6 8. 0-0-0 Nxd4 9. Qxd4 a6 10. e5 dxe5 11. Qxd8 Bxd8 12. Bxe5 Re8 13. Be2 Rxe5 14. Rxd8+ Re8 15. Rxe8+ Nxe8 16. Bf3 Rb8 17. Rd1 Be6 18. Ne4 b6 19. Ng5 Nd6 20. Nxe6 fxe6 21. Bc6 Rf8 22. f3 Rf4 23. b3 Kf7 24. g3 Rf5 25. f4 e5 26. Bd7 Rh5 27. Bg4 Rxh2 28. fxe5 Ne4 29. Bf5 Nxg3 30. Rd7+ Ke8 31. Be6 Rh6 32. Bg4 Rg6 33. Bh3 Rh6 34. Bg4 Rg6 35. Bh3 Ne2+ 36. Kb2 Nf4 37. Bf5 Rg5 38. Rd6 1/2-1/2

[Event "Gladenbach IM"]
[Site "Gladenbach"]
[Date "2022.08.29"]
[Round "1"]
[White "Petrovskiy, Vadim"]
[Black "Kersten, Uwe"]
[Result "1/2-1/2"]
[WhiteElo "2332"]
[BlackElo "2253"]
[PlyCount "85"]
[EventDate "2022.08.29"]
[EventType "tourn"]
[EventRounds "11"]
[EventCountry "GER"]
[EventCategory "2"]
[SourceTitle "CBM 210 Extra"]
[Source "ChessBase"]
[SourceDate "2022.11.30"]
[SourceVersion "1"]
[SourceVersionDate "2022.11.30"]
[SourceQuality "1"]

1. e4 c5 2. Nf3 d6 3. d4 cxd4 4. Nxd4 Nf6 5. Nc3 a6 6. Be2 e5 7. Nb3 Be7 8. 0-0 0-0 9. Re1 Be6 10. Bf3 Nbd7 11. a4 Qc7 12. a5 Rfc8 13. Nd2 b5 14. axb6 Nxb6 15. Nf1 h6 16. Ne3 Nc4 17. b3 Nxe3 18. Rxe3 Qb7 19. Ba3 Rc6 20. Na4 Nd7 21. c4 Nc5 22. Bxc5 dxc5 23. Rd3 Rb8 24. Bg4 Bxg4 25. Qxg4 Rd8 26. Rad1 Rd4 27. Qe2 Rc8 28. f3 Rcd8 29. Qc2 Rb8 30. Kf1 Qb4 31. Ke2 g6 32. Qd2 Qa3 33. Qc3 Qa2+ 34. Qb2 Qxb2+ 35. Nxb2 f5 36. Rxd4 exd4 37. Rd3 fxe4 38. fxe4 Bd6 39. Rf3 Kg7 40. h3 Re8 41. Kd3 Rb8 42. Kd2 Re8 43. Kd3 1/2-1/2

[Event "Rhein Main op-A 24th"]
[Site "Bad Homburg"]
[Date "2022.06.18"]
[Round "6"]
[White "Kersten, Uwe"]
[Black "Haack, Kevin"]
[Result "1-0"]
[WhiteElo "2246"]
[BlackElo "2176"]
[PlyCount "151"]
[EventDate "2022.06.15"]
[EventType "swiss"]
[EventRounds "7"]
[EventCountry "GER"]
[SourceTitle "EXT 2023"]
[Source "ChessBase"]
[SourceDate "2022.10.05"]
[SourceVersion "1"]
[SourceVersionDate "2022.10.05"]
[SourceQuality "1"]

1. e4 c6 2. d4 d5 3. Nc3 dxe4 4. Nxe4 Bf5 5. Ng3 Bg6 6. Nf3 Nd7 7. h4 h6 8. h5 Bh7 9. Bd3 Bxd3 10. Qxd3 e6 11. Bd2 Ngf6 12. 0-0-0 Be7 13. Qe2 0-0 14. Nf1 Qb6 15. g4 Qa6 16. Qxa6 bxa6 17. Rg1 Ne4 18. Be3 f5 19. gxf5 Rxf5 20. Bxh6 Bf8 21. N1d2 Nxf2 22. Rde1 Nh3 23. Rg3 Rxh5 24. Rxe6 Kf7 25. Rxh3 Kxe6 26. Rxh5 gxh6 27. Ne4 Bg7 28. Kd2 Rb8 29. b3 Rb5 30. Rh1 Rf5 31. Re1 Rf4 32. Ng3+ Kd6 33. Ke3 Rf7 34. Nh4 c5 35. Nhf5+ Kc6 36. Nxg7 Re7+ 37. Kd2 Rxg7 38. Nf5 Rg5 39. Re6+ Kb7 40. dxc5 Nxc5 41. Re7+ Kb6 42. Nxh6 a5 43. a4 Rg3 44. Re3 Rxe3 45. Kxe3 Ne6 46. Kd3 Kc5 47. Kc3 Nf4 48. Nf5 Nd5+ 49. Kb2 Kb4 50. Nd4 Kc5 51. Nf3 Ne7 52. Ne5 Kd5 53. Nc4 Nc6 54. Kc3 Ke4 55. Nd6+ Kd5 56. Nb7 Ke6 57. Kc4 Kd7 58. c3 Kc7 59. Nc5 Kb6 60. Nd3 Ne7 61. Ne5 Nf5 62. Kd5 Ne3+ 63. Ke4 Nd1 64. Kd4 Nf2 65. Kd5 Nd1 66. Kd4 Nf2 67. c4 Kc7 68. c5 Kb7 69. Nc4 Ka6 70. Kd5 Nd3 71. Kd6 Nb4 72. Ne5 Kb7 73. c6+ Kc8 74. Nc4 Nd3 75. Nxa5 Nc1 76. c7 1-0

[Event "Rhein Main op-A 24th"]
[Site "Bad Homburg"]
[Date "2022.06.17"]
[Round "4"]
[White "Kersten, Uwe"]
[Black "Nazarenus, Moritz"]
[Result "1/2-1/2"]
[WhiteElo "2246"]
[BlackElo "2228"]
[PlyCount "29"]
[EventDate "2022.06.15"]
[EventType "swiss"]
[EventRounds "7"]
[EventCountry "GER"]
[SourceTitle "EXT 2023"]
[Source "ChessBase"]
[SourceDate "2022.10.05"]
[SourceVersion "1"]
[SourceVersionDate "2022.10.05"]
[SourceQuality "1"]

1. d4 d5 2. c4 c6 3. cxd5 cxd5 4. Bf4 Nc6 5. e3 Nf6 6. Nc3 a6 7. Rc1 Bg4 8. f3 Bh5 9. g4 Bg6 10. h4 h6 11. Bd3 Bxd3 12. Qxd3 e6 13. Nge2 Bd6 14. Kf2 Qe7 15. Bxd6 1/2-1/2

[Event "Rhein Main op-A 24th"]
[Site "Bad Homburg"]
[Date "2022.06.15"]
[Round "1"]
[White "Thomas, Tobias"]
[Black "Kersten, Uwe"]
[Result "0-1"]
[WhiteElo "1959"]
[BlackElo "2246"]
[PlyCount "156"]
[EventDate "2022.06.15"]
[EventType "swiss"]
[EventRounds "7"]
[EventCountry "GER"]
[SourceTitle "EXT 2023"]
[Source "ChessBase"]
[SourceDate "2022.10.05"]
[SourceVersion "1"]
[SourceVersionDate "2022.10.05"]
[SourceQuality "1"]

1. e4 c5 2. Nf3 d6 3. Bb5+ Nd7 4. c3 Ngf6 5. Qe2 a6 6. Ba4 b5 7. Bc2 e5 8. 0-0 Be7 9. d4 0-0 10. Rd1 Qc7 11. d5 c4 12. b3 cxb3 13. axb3 Bb7 14. Bd2 Rfc8 15. Na3 Nb6 16. Bd3 Nfd7 17. c4 bxc4 18. Nxc4 Nxc4 19. Bxc4 a5 20. Rdc1 Nc5 21. Qe1 Bd8 22. Qe3 Qe7 23. Ne1 Bb6 24. Nd3 Nxb3 25. Qxb6 Nxd2 26. Bb5 Nb3 27. Rxc8+ Rxc8 28. Ra3 Nc5 29. Bc6 Bxc6 30. dxc6 Nxe4 31. Rxa5 g6 32. Qb7 Qe8 33. c7 Nf6 34. Rb5 Rxc7 35. Qxc7 Qxb5 36. Qc2 Kg7 37. h3 Qd5 38. Ne1 Qe4 39. Qd2 d5 40. Nf3 Qb1+ 41. Kh2 Qb8 42. Kg1 Qd6 43. g4 Ne4 44. Qe3 h6 45. Kg2 Qb8 46. Ne1 Qb7 47. Nd3 d4 48. Qf3 f6 49. Kh2 Nc5 50. Qe2 Qa6 51. Qc2 Qxd3 52. Qxc5 Qb3 53. Qe7+ Qf7 54. Qd6 h5 55. Kg3 hxg4 56. hxg4 Qb3+ 57. f3 g5 58. Qd7+ Qf7 59. Qd6 Kg6 60. Kg2 Qa2+ 61. Kg3 Qa8 62. Qd7 Qa2 63. Qf5+ Kg7 64. Qd7+ Qf7 65. Qd6 Qe8 66. Qc7+ Kf8 67. Qc5+ Qe7 68. Qc8+ Kg7 69. Qf5 Qd6 70. Qe4 d3 71. Qb7+ Kf8 72. Qc8+ Ke7 73. Qb7+ Kd8 74. Qa8+ Ke7 75. Qb7+ Qd7 76. Qb4+ Kf7 77. Qd2 Kg7 78. Kh3 Qd5 0-1

[Event "Heusenstamm Sparkassen op-A 7th"]
[Site "Heusenstamm"]
[Date "2021.11.21"]
[Round "7.4"]
[White "Krassowizkij, Jaroslaw"]
[Black "Kersten, Uwe"]
[Result "1-0"]
[WhiteElo "2458"]
[BlackElo "2254"]
[PlyCount "135"]
[EventDate "2021.11.18"]
[EventType "swiss"]
[EventRounds "7"]
[EventCountry "GER"]
[SourceTitle "EXT 2023"]
[Source "ChessBase"]
[SourceDate "2022.10.05"]
[SourceVersion "1"]
[SourceVersionDate "2022.10.05"]
[SourceQuality "1"]

1. d4 Nf6 2. c4 c5 3. d5 g6 4. Nc3 Bg7 5. g3 0-0 6. Bg2 e6 7. Nh3 exd5 8. Nxd5 Nxd5 9. Qxd5 d6 10. 0-0 Nc6 11. Bg5 Qb6 12. b3 Nd4 13. e3 Be6 14. Qe4 Bf5 15. Qh4 Bxh3 16. Qxh3 Ne6 17. Bh6 Bxa1 18. Bxf8 Nxf8 19. Rxa1 a5 20. Qh4 a4 21. Rb1 Qb4 22. Bd5 Re8 23. Qf4 Ne6 24. Qxd6 a3 25. Rd1 Rd8 26. Qe5 b5 27. Kg2 bxc4 28. bxc4 Qb6 29. Qc3 Qb4 30. Qf6 Qb2 31. Qxb2 axb2 32. Rb1 Rb8 33. Kf3 Nf8 34. Ke2 Nd7 35. Kd3 Kf8 36. Kc2 Ne5 37. f3 Rb6 38. Rxb2 Ra6 39. Kb1 Ra4 40. Rb5 Nxc4 41. Rxc5 Nxe3 42. Bb3 Ra7 43. a4 h5 44. Kb2 Nf5 45. Ka3 Ke7 46. Rd5 h4 47. g4 Nd6 48. g5 Ra6 49. a5 f6 50. gxf6+ Kxf6 51. Kb4 h3 52. Bc4 Nxc4 53. Kxc4 Rc6+ 54. Kb3 Re6 55. Rc5 g5 56. Rc4 Kf5 57. Ra4 Re3+ 58. Kc4 Re2 59. a6 Rxh2 60. Kd3 Rh1 61. a7 Rd1+ 62. Ke2 h2 63. a8Q h1Q 64. Qe4+ Kf6 65. Ra6+ Kf7 66. Qe6+ Kf8 67. Ra8+ Kg7 68. Rg8+ 1-0

[Event "Heusenstamm Sparkassen op-A 7th"]
[Site "Heusenstamm"]
[Date "2021.11.20"]
[Round "4.16"]
[White "Kersten, Uwe"]
[Black "Kuepper, Martin"]
[Result "1-0"]
[WhiteElo "2254"]
[BlackElo "2013"]
[PlyCount "53"]
[EventDate "2021.11.18"]
[EventType "swiss"]
[EventRounds "7"]
[EventCountry "GER"]
[SourceTitle "EXT 2023"]
[Source "ChessBase"]
[SourceDate "2022.10.05"]
[SourceVersion "1"]
[SourceVersionDate "2022.10.05"]
[SourceQuality "1"]

1. e4 g6 2. d4 Bg7 3. Nc3 c6 4. f4 Qb6 5. Nf3 d6 6. Bc4 Nh6 7. h3 d5 8. Bb3 dxe4 9. Nxe4 0-0 10. g4 c5 11. Nxc5 Nc6 12. c3 Qa5 13. Bd2 Rd8 14. Qe2 Qc7 15. Nd3 Na5 16. Bc2 Nc4 17. Bc1 b5 18. a4 bxa4 19. Nc5 Nb6 20. 0-0 Nd5 21. Ne5 f6 22. Ned3 Nf7 23. Ne6 Bxe6 24. Qxe6 Kf8 25. Nc5 Ng5 26. Qe2 Nxh3+ 27. Kg2 1-0

[Event "Heusenstamm Sparkassen op-A 7th"]
[Site "Heusenstamm"]
[Date "2021.11.20"]
[Round "5.14"]
[White "Lohr, Matthias"]
[Black "Kersten, Uwe"]
[Result "1/2-1/2"]
[WhiteElo "2063"]
[BlackElo "2254"]
[PlyCount "128"]
[EventDate "2021.11.18"]
[EventType "swiss"]
[EventRounds "7"]
[EventCountry "GER"]
[SourceTitle "EXT 2023"]
[Source "ChessBase"]
[SourceDate "2022.10.05"]
[SourceVersion "1"]
[SourceVersionDate "2022.10.05"]
[SourceQuality "1"]

1. Nf3 Nf6 2. d4 c5 3. e3 e6 4. c4 cxd4 5. exd4 d5 6. Nc3 Bb4 7. cxd5 Nxd5 8. Bd2 0-0 9. Bd3 Nf6 10. 0-0 b6 11. a3 Bxc3 12. bxc3 Nbd7 13. Re1 Bb7 14. a4 Qc7 15. a5 Bd5 16. Ne5 Rac8 17. Re3 Rfd8 18. axb6 axb6 19. f4 Ra8 20. Rc1 Qb7 21. Qe2 Ra2 22. Rc2 Rxc2 23. Bxc2 b5 24. Bd3 Ra8 25. h3 Ra2 26. Nxd7 Nxd7 27. Rg3 Nf6 28. Kh2 Be4 29. Rg5 Bxd3 30. Qxd3 h6 31. Re5 Nd5 32. Re2 Qc6 33. f5 Qc4 34. Qf3 Qc7+ 35. Kg1 Ra1+ 36. Re1 Rxe1+ 37. Bxe1 Qd7 38. fxe6 fxe6 39. Bd2 Qc6 40. Qg3 Kh7 41. Qd3+ Kg8 42. Qg3 Kh8 43. Qf3 Qe8 44. Qe2 Nb6 45. Bf4 Nd5 46. Bd2 Kg8 47. Kh2 Qc6 48. Qf3 Ne7 49. Qe2 Nf5 50. Be1 Kf7 51. Qd3 Qc4 52. Qf3 Qd5 53. Qd3 Nd6 54. Bg3 Qf5 55. Qe3 Nc4 56. Qe2 Ke8 57. Be5 g6 58. Bg3 h5 59. Qa2 Qd5 60. Qa7 Ne3 61. Qb8+ Ke7 62. Qc7+ Ke8 63. Qb8+ Ke7 64. Qc7+ Ke8 1/2-1/2

[Event "Heusenstamm Sparkassen op-A 7th"]
[Site "Heusenstamm"]
[Date "2021.11.19"]
[Round "3.1"]
[White "Sumets, Andrey"]
[Black "Kersten, Uwe"]
[Result "1-0"]
[WhiteElo "2527"]
[BlackElo "2254"]
[PlyCount "97"]
[EventDate "2021.11.18"]
[EventType "swiss"]
[EventRounds "7"]
[EventCountry "GER"]
[SourceTitle "EXT 2023"]
[Source "ChessBase"]
[SourceDate "2022.10.05"]
[SourceVersion "1"]
[SourceVersionDate "2022.10.05"]
[SourceQuality "1"]

1. d4 Nf6 2. c4 c5 3. d5 g6 4. Nc3 Bg7 5. e4 d6 6. Nf3 0-0 7. h3 e6 8. Bd3 Na6 9. 0-0 e5 10. Bg5 h6 11. Bh4 Nc7 12. Ne1 Qe8 13. g4 Nd7 14. Qd2 a6 15. Bg3 Qe7 16. Ng2 Kh7 17. a3 Rb8 18. Qe2 Qe8 19. b4 a5 20. bxa5 Ra8 21. Ne3 Nf6 22. Nb5 Qe7 23. Qe1 Nce8 24. Rb1 h5 25. Bh4 Rh8 26. f3 Kg8 27. Kg2 Qd7 28. Rh1 Nh7 29. gxh5 Nhf6 30. hxg6 fxg6 31. Kf1 Nh5 32. Ng2 Qf7 33. Ke2 Bf6 34. Bf2 Bd8 35. Be3 Bxa5 36. Qf2 Bd8 37. f4 exf4 38. Nxf4 Nxf4+ 39. Qxf4 Qxf4 40. Bxf4 Ra6 41. Rbg1 Kf7 42. Rg3 Bh4 43. Rf3 Bf6 44. Kd2 Ke7 45. e5 dxe5 46. Be3 b6 47. Bxg6 Ra4 48. Bxe8 Rxe8 49. d6+ 1-0

[Event "GER Cup Net Final-A U2400"]
[Site "Playchess.com INT"]
[Date "2020.06.06"]
[Round "10"]
[White "Kersten, Uwe"]
[Black "Eilenberg, Jonas"]
[Result "1/2-1/2"]
[WhiteElo "2020"]
[BlackElo "2091"]
[PlyCount "122"]
[EventDate "2020.06.06"]
[EventType "swiss (blitz)"]
[EventRounds "13"]
[EventCountry "GER"]
[SourceTitle "CBM 197 Extra"]
[Source "ChessBase"]
[SourceDate "2020.09.30"]
[SourceVersion "1"]
[SourceVersionDate "2020.09.30"]
[SourceQuality "1"]

1. e4 c5 2. Nf3 Nc6 3. Bb5 g6 4. 0-0 Bg7 5. c3 Nf6 6. d4 cxd4 7. cxd4 Nxe4 8. d5 Nb8 9. Re1 Nd6 10. Bd3 0-0 11. Nc3 Na6 12. Bf4 Ne8 13. Qd2 d6 14. Bh6 Nc5 15. Bc2 Nf6 16. h3 Bd7 17. Re2 Rc8 18. Rae1 Re8 19. Bxg7 Kxg7 20. Nd4 a6 21. a3 b5 22. b4 Na4 23. Bxa4 bxa4 24. Re3 Rc7 25. Kh2 Qc8 26. Rg3 Rc4 27. Ree3 Nh5 28. Rgf3 Nf6 29. Qe2 h5 30. Qd2 Rh8 31. Rxe7 Qd8 32. Rfe3 Qb6 33. Ne6+ Bxe6 34. dxe6 Rc7 35. Rxc7 Qxc7 36. Qd4 fxe6 37. Rxe6 d5+ 38. g3 Rf8 39. Rxf6 Rxf6 40. Nxd5 Qf7 41. Nxf6 Qxf6 42. Qxf6+ Kxf6 43. Kg2 Ke5 44. Kf3 Kd4 45. Ke2 Kc3 46. f4 Kb3 47. Kd2 Kxa3 48. Kc3 Ka2 49. Kc2 Ka3 50. g4 hxg4 51. hxg4 Kxb4 52. f5 a3 53. Kb1 gxf5 54. g5 f4 55. g6 f3 56. g7 f2 57. g8Q f1Q+ 58. Kc2 Qe2+ 59. Kc1 a2 60. Qb8+ Ka5 61. Qb4+ Kxb4 1/2-1/2

[Event "GER Cup Net V2 U2400"]
[Site "Playchess.com INT"]
[Date "2020.05.22"]
[Round "4"]
[White "Baskin, Robert"]
[Black "Kersten, Uwe"]
[Result "1-0"]
[WhiteElo "2163"]
[BlackElo "2041"]
[PlyCount "81"]
[EventDate "2020.05.22"]
[EventType "swiss (blitz)"]
[EventRounds "9"]
[EventCountry "GER"]
[SourceTitle "EXT 2021"]
[Source "ChessBase"]
[SourceDate "2020.10.23"]
[SourceVersion "1"]
[SourceVersionDate "2020.10.23"]
[SourceQuality "1"]

1. e4 d6 2. d4 Nf6 3. Nc3 g6 4. f4 Bg7 5. Nf3 0-0 6. e5 Nfd7 7. Bc4 Nb6 8. Bb3 Nc6 9. a4 Bg4 10. a5 Bxf3 11. gxf3 Nc8 12. a6 bxa6 13. d5 Nb8 14. Qe2 Nd7 15. e6 Nc5 16. Be3 Nxb3 17. cxb3 fxe6 18. dxe6 Nb6 19. 0-0 Qc8 20. Bxb6 axb6 21. Nd5 Qd8 22. Rfc1 Bd4+ 23. Kg2 c5 24. Rxa6 Rxa6 25. Qxa6 Rf5 26. Qb7 Bf6 27. Ra1 Rxd5 28. Qxd5 Qc7 29. Qa8+ Kg7 30. Qe8 Kh6 31. Ra8 d5 32. Kg3 Bg5 33. Qf7 Bf6 34. Rg8 d4 35. Qe8 d3 36. Qd7 Qxd7 37. exd7 e5 38. d8Q exf4+ 39. Kxf4 d2 40. Qd3 Bg5+ 41. Kg3 1-0

[Event "GER Cup Net V2 U2400"]
[Site "Playchess.com INT"]
[Date "2020.05.22"]
[Round "8"]
[White "Dahl, Christoph"]
[Black "Kersten, Uwe"]
[Result "1-0"]
[WhiteElo "2134"]
[BlackElo "2034"]
[PlyCount "125"]
[EventDate "2020.05.22"]
[EventType "swiss (blitz)"]
[EventRounds "9"]
[EventCountry "GER"]
[SourceTitle "EXT 2021"]
[Source "ChessBase"]
[SourceDate "2020.10.23"]
[SourceVersion "1"]
[SourceVersionDate "2020.10.23"]
[SourceQuality "1"]

1. e4 e6 2. d4 d5 3. Nc3 Bb4 4. e5 b6 5. a3 Bf8 6. Nf3 Ne7 7. Bg5 h6 8. Bh4 Qd7 9. Bd3 Ba6 10. Bxa6 Nxa6 11. Qd3 Nb8 12. Ne2 Nf5 13. Bg3 g5 14. h3 Nc6 15. 0-0 Be7 16. Rac1 Na5 17. Nd2 c5 18. c4 cxd4 19. cxd5 Qxd5 20. b4 Nc6 21. Qa6 0-0 22. f4 Qd7 23. Qd3 Rac8 24. fxg5 hxg5 25. Ne4 Qd5 26. Qf3 Nxe5 27. Nf6+ Bxf6 28. Qxd5 exd5 29. Rxc8 Rxc8 30. Rxf5 Rc2 31. Nxd4 Rc1+ 32. Kh2 Ng4+ 33. hxg4 Bxd4 34. Rxg5+ Kh7 35. Rxd5 Bg1+ 36. Kh3 Kg6 37. Rd6+ f6 38. Bh4 Be3 39. Rxf6+ Kg7 40. Re6 Rh1+ 41. Kg3 Bd2 42. Bd8 Kf7 43. Re7+ Kf8 44. Rxa7 Be1+ 45. Kf3 b5 46. Rb7 Bc3 47. Rxb5 Rf1+ 48. Ke2 Re1+ 49. Kd3 Bg7 50. Rb8 Kf7 51. Rb7+ Kg6 52. Rb6+ Kf7 53. Bh4 Ra1 54. Rb7+ Kg6 55. Rb6+ Kf7 56. Ra6 Bf8 57. Ra7+ Kg6 58. Bf2 Bxb4 59. axb4 Rd1+ 60. Ke2 Rd5 61. Ra6+ Kg5 62. Ra5 Rxa5 63. bxa5 1-0